| 000 | 00422nam a2200133Ia 4500 | ||
|---|---|---|---|
| 008 | 211119s9999||||xx |||||||||||||| ||und|| | ||
| 082 |
_a153.93 _bAGG-O |
||
| 100 | _aAggarawal, R S | ||
| 245 | 0 | _aObjective General English | |
| 260 |
_bS Chand & Company _aNew Delhi _c2003 |
||
| 300 | _a309p | ||
| 650 |
_aphilosophy & psychology _vpsychologyMental processes & intelligenceGeneralia _xReference Reading Room |
||
| 942 | _cBOOK | ||
| 999 |
_c104741 _d104741 |
||